000 00521nam a2200181Ia 4500
008 090123s9999 xx 000 0 und d
082 _b1913
100 _aवाळिंबे वि.स.
245 _aरक्तरंगण
250 _a1
260 _bकेसरी मुद्रणालय
300 _a195
600 _aवाळिंबे वि.स.
630 _aरक्तरंगण
700 _aवाळिंबे वि.स.
730 _aरक्तरंगण
942 _cBOOK
999 _c39995
_d39995